Violencia familiar
Saved in:
| Institution som forfatter: | |
|---|---|
| Format: | Bog |
| Sprog: | spansk |
| Udgivet: |
La Plata
Facultad de Ciencias Jurídicas
1994
|
| Fag: | |
| Tags: |
Tilføj Tag
Ingen Tags, Vær først til at tagge denne postø!
|
MARC
| LEADER | 00000nam a2200000 a 4500 | ||
|---|---|---|---|
| 001 | UCZ5553 | ||
| 003 | CL-VaPUC | ||
| 005 | 20250130111153.0 | ||
| 008 | 951123e19940000ag 1 spa d | ||
| 082 | 0 | 4 | |a 362.829 |b UNI |2 21 |
| 110 | 2 | |a Universidad Nacional de La Plata |e author |9 617429 | |
| 245 | 1 | 0 | |a Violencia familiar |
| 260 | |a La Plata |b Facultad de Ciencias Jurídicas |c 1994 | ||
| 300 | |a 144 p | ||
| 583 | |a last modification |c 19951123 00:00:00 |k Rodrigo Vera | ||
| 650 | 0 | 0 | |a Violencia intrafamiliar |9 312986 |
| 650 | 0 | 0 | |a Congresos |9 257560 |
| 650 | 0 | 7 | |a MALTRATO A MENOR |2 CL-VaPUC |9 617430 |
| 650 | 0 | 0 | |a Mujeres maltratadas |9 328273 |
| 942 | |c BK | ||
| 945 | |a rleighto |d 19951123 00:00:00 | ||
| 546 | |a En Español | ||
| 536 | |a Instituto de Cultura Jurídica | ||
| 518 | |p Jornadas de Violencia Familiar, La Plata, 1994 | ||
| 999 | |c 382463 |d 382461 | ||
| 952 | |0 0 |1 0 |4 0 |6 362_829000000000000_UNI_1994 |7 0 |8 A |9 504177 |a BIBGIM |b BIBGIM |d 2020-01-23 |i 3155730 |o 362.829 UNI 1994 |p 3155730 |r 2025-01-15 |w 2020-01-23 |y BK |k SSL | ||